Регионална библиотека "Любен Каравелов" - Русе

Върхове в развитието на биологията (Запис номер 57528)

MARC детайли
000 -Лидер
Контролно поле с фиксирана дължина nam a22 a 4500
003 - Код на организацията, давaща контролен номер
Контролно поле BLK
005 - Дата и час на последна редакция
Контролно поле 20230221092957.0
008 - Елементи от данни с фиксирана дължина
fixed length control field 180408b bul|||||r ||||||| ||bul||
010 ## - Наследен системен номер
LC control number KNG00061532000
040 ## - Източник на каталожния запис
Идентификатор на билиотеката - собственик на записа BLK
041 ## - Код за език
Код за езика на текст/звукозапис или на отделно заглавие Български
Код за езика КДБФ Български
080 ## - УДК
Текстов определител УДК Биологични науки
УДК код - определител по УДК 57
УДК - код + определител 57
080 ## - УДК
Текстов определител УДК Обща генетика. Обща цитогенетика. Имуногенетика. Учение за еволюцията. Видообразуване. Филогенез
УДК код - определител по УДК 575
УДК - код + определител 575
100 1# - Редна дума - Автор
Автор Свещаров, Господин В.
Авторска отговорност първи автор
R(LIN) 369529
139 ## - Редно поле
Редна дума Свещаров, Господин В.
Авторски знак Све - С 25
245 10 - Сведения за заглавието
Заглавие Върхове в развитието на биологията
Подзаглавни данни Науч.-попул. четиво
Редно поле (дума) Господин В. Свещаров.
250 ## - Област на изданието
Сведения за изданието 2. осн. прераб. изд.
257 ## - Страна на издаване
Страна на създаване/издаване България
260 ## - Област на издателските данни
Място на издаване, разпространение и проч. София
Име на издателя, разпространителя и проч. Унив. изд. Св. Климент Охридски
Година на издаване 1991
300 ## - Физическа характеристика
Страници 192 с.
Илюстрации и др. с ил.
Размери/Мащаб 20 см
380 ## - Жанр
Жанр Естествени науки. Математика
500 ## - Общи забележки
Забележка 1. изд. 1978 на изд. Нар. просв. Природонауч. библ. ; 1. - Офс. изд. - 6 065 тир. - Терминол. речник.
650 #4 - Допълнително описание по предмет – тема
Основно описание – тема или топоним Молекулярна биология
9 (RLIN) 261142
650 #4 - Допълнително описание по предмет – тема
Основно описание – тема или топоним Молекулярна генетика
9 (RLIN) 287676
650 #4 - Допълнително описание по предмет – тема
Основно описание – тема или топоним Генетика
9 (RLIN) 151765
653 ## - Ключова дума – ненормативна
Ключова дума молекулярна биология
653 ## - Ключова дума – ненормативна
Ключова дума молекулярна генетика
653 ## - Ключова дума – ненормативна
Ключова дума генетичен код
852 ## - Местоположение
Форматна сигнатура Цб 168539
856 4# - Електронен адрес и достъп
Електронен формат pdf - файл
Инструкция (цена за достъп) 11.50
Права за достъп disable
856 4# - Електронен адрес и достъп
Електронен формат pdf - файл
Инструкция (цена за достъп) 11.50
Права за достъп disable
999 ## - СИСТЕМНИ КОНТРОЛНИ НОМЕРА
Koha biblionumber 57528
Koha biblioitemnumber 57528
942 ## - АРТИКУЛИ
Вид на библиотечния материал Книги
Скрит в OPAC Не
Периодичен библиозапис Да
944 ## - СЪЗДАВАНЕ И РЕДАКЦИЯ на ЗАПИСА
Създаване/Редакция Създаване
Дата на регистрацията/редакция 13.06.2004
Статус, дата на статуса ф /
Служител, извършил регистрацията/редакцията Людмила_Стоянова
944 ## - СЪЗДАВАНЕ И РЕДАКЦИЯ на ЗАПИСА
Създаване/Редакция Редакция
Дата на регистрацията/редакция 27.09.2017
Статус, дата на статуса ф /
Служител, извършил регистрацията/редакцията Вася_Ганчева
999 ## - СИСТЕМНИ КОНТРОЛНИ НОМЕРА
Koha biblioitemnumber 57528
Наличности
Код за отписване Код за изгубен артикул Източник на класификационната схема Код за повреда Коз за рестрикции Код за отдаване Артикулен № Име на библиотеката - собственик Име на библиотеката, в която се намира в момента Статус (Текущо местоположение) Дата на вписване в системата Местоположение - отдел Цена в лева Инвентарен номер Систематично азбучна сигнатура Баркод Номер на екземпляра Цена в евро Служебна бележка Служебен тип на артикула Бележка за публиката
  Не е изгубен Universal Decimal Classification Не е повреден без рестрикции ползва се в читалня 93439 Регионална библиотека "Любен Каравелов" Русе Регионална библиотека "Любен Каравелов" Русе Читалня 1993-01-01 Читалня 0.40 575771 Ч 57/С 25 120000575771 1 0.20 Дост: Pk Вид: ф N: стар фонд Дата: 01.01.1991 Дата инв: 16.03.2017 Бележки инв: Ч2017 Книги  
  Не е изгубен Universal Decimal Classification Не е повреден без рестрикции ползва се в читалня 93440 Регионална библиотека "Любен Каравелов" Русе Регионална библиотека "Любен Каравелов" Русе Хранилище 1991-01-01 Хранилище 11.50 567400 Цб 168539 120000567400 2 5.88 Дост: Dp Вид: Д N: стар фонд Дата: 01.01.1991 Книги  
Изтеглен Не е изгубен   Не е повреден без рестрикции заемане за дома 93441 Регионална библиотека "Любен Каравелов" Русе Регионална библиотека "Любен Каравелов" Русе Заемна - подръчен фонд 1991-01-01 Заемна - подръчен фонд 11.50 584882 П 57/С 25 584882 3 5.88 Дост: Pk Вид: Ф N: стар фонд Дата: 01.01.1991 Дата инв: 21.03.2018 Бележки инв: П2018 Книги  
Изтеглен Не е изгубен   Не е повреден без рестрикции заемане за дома 93442 Регионална библиотека "Любен Каравелов" Русе Регионална библиотека "Любен Каравелов" Русе   1991-01-01 Детски отдел 11.50 580913 ДН 57/С 25 580913 4 5.88 Дост: Pk Вид: Ф N: стар фонд Дата: 01.01.1991 Дата инв: 01.10.2015 Бележки инв: Д2015 Книги Отч.N: 38/2017 , Дата: 07.09.2017
Vip Innovations Ltd, Rousse, Bulgaria 2025